| 000 | 00936nam a2200253 a 4500 | ||
|---|---|---|---|
| 003 | CO-ViMGA | ||
| 008 | 140813s2014 sp a gr 00010 spa d | ||
| 020 | _a9788498358162 | ||
| 040 |
_aCO-ViMGA _bspa _cCO-ViMGA |
||
| 082 | 0 | 4 |
_a616.84 _bV43c1 _220 |
| 100 | 1 |
_aVieta Pacual, Eduard. _97092 |
|
| 245 | 1 | 0 |
_aConvivir con el trastorno bipolar / _cEduard Vieta Pascual, Francesc Colom Victoriano ; ilustraciones Javier Bejega. |
| 250 | _a2a. edición. | ||
| 260 |
_aBuenos Aires : _bEditorial Médica Panamericana, _c2014. |
||
| 300 |
_avii, 120 páginas : _bilustraciones ; _c20 cm. |
||
| 490 | 1 | _aColección convivir con.. | |
| 650 | 1 | 4 |
_aDepresión mental. _95344 |
| 650 | 1 | 4 |
_aEnfermedades del sistema nervioso. _97093 |
| 650 | 1 | 4 |
_aPsicosis maniaco-depresiva. _97094 |
| 650 | 1 | 4 |
_aTrastornos mentales. _96639 |
| 700 | 1 |
_aBejega, Javier, _eilustrador. _95819 |
|
| 700 | 1 |
_aColom Victoriano, Francesc. _97095 |
|
| 942 |
_2ddc _cBK |
||
| 999 |
_c37655 _d37655 |
||